Magyarország története 1790-1918

Bibliographic Details
Main Author: Gergely, András (Author)
Format: Book
Language:Hungarian
Published: Budapest IKVA 1990
ISBN:963 7760 16 4
Edition:2., javított kiad.

MARC

LEADER 00000nam a2200000 a 4500
001 vtls001164346
003 SK-MaSNL
005 20260302093827.0
008 240314s1990 HU 0 hun
020 |a 963 7760 16 4 
035 |a SNK000107296 
040 |a SNK  |b slo  |c SNK  |e AACR2 
044 |a HU 
100 1 |a Gergely, András  |4 aut  |9 387948 
245 1 0 |a Magyarország története 1790-1918  |c András Gergely 
250 |a 2., javított kiad. 
260 |a Budapest  |b IKVA  |c 1990 
919 |a 963 7760 16 4 
958 |a OND 
999 |c 1210672  |d 1212602 
952 |t P60, <04>, [BOOK], {604}  |a SNK  |b SNK  |y VYP  |7 0  |p 17A0346501  |o snkSD 63508 D1  |i snkV 1540/93  |0 0  |1 0  |4 0  |d 2002-06-21  |l 0  |r 2005-01-01 00:00:00  |w 2026-02-24